| 000 | 00776cab a22002055a 4500 | ||
|---|---|---|---|
| 001 | L157003 | ||
| 008 | 120809e20120804xxk 000 0 eng d | ||
| 035 | _a(Sirsi) u157003 | ||
| 041 | 0 | _aeng | |
| 100 | 1 | _aDensham, Will | |
| 245 | 0 | 3 | _aAn empty argument |
| 260 | _c2012 | ||
| 490 |
_aEstates Gazette _v(1231) 4 August 2012, 40-42(3) |
||
| 520 | _aFollowing the disclaimer of the lease where does the liability fall for unoccupied property rates? Includes information about the Rating (Empty Properties) Act 2007 and "Marko Self Service Wholesalers v Nuneaton & Bedworth Borough Council [2012]" a landmark case on unoccupied property rates. | ||
| 590 | _aKA | ||
| 651 | 4 | _aUnited Kingdom | |
| 690 |
_aProperty management _96262 |
||
| 700 | 1 | _aWells, Emma | |
| 942 | _n0 | ||
| 999 |
_c84228 _d84228 |
||